| 000 | 00750nam a2200241Ia 4500 | ||
|---|---|---|---|
| 003 | OSt | ||
| 005 | 20220926040540.0 | ||
| 006 | a|||||r|||| 00| 0 | ||
| 007 | ta | ||
| 008 | 220923b |||||||| |||| 00| 0 eng d | ||
| 037 | _cGeneral Book | ||
| 040 |
_aRTL _cRTL _beng |
||
| 041 |
_2eng _aeng |
||
| 082 | _aX:99T.571.N6, K2 | ||
| 110 |
_aOrganisation for Economic Cooperation and Development (Paris) _942419 |
||
| 245 | 0 | _aCountry reviews, Sweden | |
| 260 | _c1962 | ||
| 500 | _aIts, policies for science and education | ||
| 650 |
_aTechnical Labour Economics _9230410 |
||
| 700 |
_aOrganisation for Economic Cooperation and Development (Paris) _942420 |
||
| 942 |
_hX:99T.571.N6, K2 _cGB _2CC |
||
| 999 |
_c665052 _d665052 |
||